1249 1308 1772 1394 1760 1555 1343 1489 1801 1448 1713 1392 1278 1626 1173 1213 1707 1836 1820 1122 1094 1533 1171 1749 1452 1576 1964 1067 1994 1786 1251 1589 1521 1436 1656 1921 1234 1186 1475 1378 1132 1091 1923 1338 1852 1083 1123 1061 1097 1985 1054 1503 1358 1695 1624 1760 1028 1853 1009 1868 1315 1965 1623 1082 1522 1473 1973 1866 1666 1163 1634 1046 1774 1613 1089 1644 1432 1842 1634 1776 1992 1732 1225 1294 1157 1180 1380 1453 1124 1937 1548 1618 1188 1034 1384 1978 1058 1338 1306 BCNSPRNW ULIB Ver.6.0+V

เปลี่ยนเป็นภาษาไทย

Change to English
 แสดงรายละเอียดบรรณานุกรม
  กลับหน้าหลัก

Brief Record : Get Marc (ISO 2709) : E-mail record : QR code < ปิดหน้าต่าง
LEADER : 00000nam 2200000uu 4500
001    13399112518
003     ULIB
008    110819s2549||||th 000 0 tha d
020    9749468341
060  4 QV127^bพ219
245 00 พยาบาลกับบุหรี่ /^cบรรณาธิการ, กรองจิต วาทีสาธกกิจ
250    พิมพ์ครั้งที่ 1
260    กรุงเทพฯ :^bเครือข่ายพยาบาลเพื่อการควบคุมยาสูบแห่งประเทศไทยสมาคมพยาบาล แห่งประเทศไทยฯ,^c2549
300    [10], 130 หน้า :^bภาพประกอบ ;^c21 ซม.
536    สำนักงานกองทุนสนับสนุนการสร้างเสริมสุขภาพ (สสส.)
650  7 บุหรี่
650  7 พยาบาล
710 2  เครือข่ายพยาบาลเพื่อการควบคุมยาสูบแห่งประเทศไทย
710 2  สมาคมพยาบาลแห่งประเทศไทยฯ
945    ^p0^l0^i14428
945    ^p0^l0^i14429
995    กัณชพร
999    ^aใช้งานได้ทุกระบบ
รายการนี้ยังไม่มีแท็ก
คุณยังไม่ได้ล็อกอิน คุณสามารถมีกิจกรรมร่วมกับเว็บไซต์ได้ แต่ต้องล็อกอินก่อน ::
  ล็อกอิน

รายการสื่อสารสนเทศ

ลำดับที่ ประเภท เลขเรียก/บาร์โค้ด สถานที่ สถานะ
1. วิทยาศาสตร์การแพทย์ และสุขภาพ
วิทยาศาสตร์การแพทย์ และสุขภาพ
QV127 พ219 ฉ.2 
  Barcode: 14429
ห้องสมุดวิทยาเขตสวรรค์ประชารักษ์
►หนังสือทั่วไป
บนชั้น

รายการใกล้เคียง
    หัวเรื่อง [บุหรี่]
    หัวเรื่อง [พยาบาล]

BibComment


ยังไม่เคยถูกคอมเมนท์

คอมเมนท์ทรัพยากรรายการนี้
  คอมเมนท์: พยาบาลกับบุหรี่ ..


 Copyright 2026. Bcnsprnw @Library